The characters / (Record no. 1223)

MARC details
000 -LEADER
campo de control de longitud fija 00509nam a22001697a 4500
008 - DATOS DE LONGITUD FIJA--INFORMACIÓN GENERAL
campo de control de longitud fija 170708s2016 no||||| |||| 00| 0 eng d
082 04 - NÚMERO DE LA CLASIFICACIÓN DECIMAL DEWEY
Número de clasificación 779
Número de ítem B669c
100 1# - ENTRADA PRINCIPAL--NOMBRE DE PERSONA
Nombre de persona Boe Birkeland, Tonje.
9 (RLIN) 5860
245 13 - MENCIÓN DEL TÍTULO
Título The characters /
Mención de responsabilidad, etc. Tonje Boe Birkeland.
250 ## - MENCION DE EDICION
Mención de edición 1a edición.
260 ## - PUBLICACIÓN, DISTRIBUCIÓN, ETC.
Lugar de publicación, distribución, etc. Noruega :
Nombre del editor, distribuidor, etc. Kulturradet Arts Council,
Fecha de publicación, distribución, etc. [2016].
300 ## - DESCRIPCIÓN FÍSICA
Extensión 260 páginas :
Otras características físicas ilustraciones en color.
653 10 - TÉRMINO DE INDIZACIÓN--NO CONTROLADO
Término no controlado Fotografía
653 10 - TÉRMINO DE INDIZACIÓN--NO CONTROLADO
Término no controlado Relatos
653 10 - TÉRMINO DE INDIZACIÓN--NO CONTROLADO
Término no controlado Fotografía digital - Noruega
653 10 - TÉRMINO DE INDIZACIÓN--NO CONTROLADO
Término no controlado Fotógrafos
Holdings
Estatus retirado Estado de pérdida Fuente del sistema de clasificación o colocación Estado de daño No para préstamo Biblioteca de origen Biblioteca actual Ubicación en estantería Fecha de adquisición Total de préstamos Signatura topográfica completa Código de barras Visto por última vez Precio de reemplazo Tipo de ítem Koha
    Clasificación Decimal Dewey     Biblioteca LadoV Biblioteca LadoV   08/07/2017   779 B669c 004395 08/07/2017 08/07/2017 Material 01